Narodowości IKON FIFA 21 - Statystyki

Ogólne statystyki
  • Ten quiz został rozwiązany 177 razy
  • Średni wynik to 24 z 30
Statystyki odpowiedzi
Narodowość % Poprawnych
Brazylia
98%
Argentyna
96%
Francja
96%
Hiszpania
95%
Niemcy
94%
Włochy
94%
Anglia
92%
Portugalia
91%
Rosja
91%
Holandia
88%
Japonia
87%
Ukraina
85%
Czechy
84%
Szwecja
83%
Meksyk
81%
Irlandia
78%
Finlandia
76%
Walia
73%
Bułgaria
72%
Dania
72%
Szkocja
72%
Chorwacja
70%
Irlandia Północna
65%
Węgry
65%
Ghana
63%
Rumunia
63%
Nigeria
62%
Kamerun
61%
WKS
58%
Serbia
57%
Nie znaleziono quizów pasujących do podanych kryteriów
Rozkład punktacji
Procent ludzi z każdym wynikiem
Percentyl według liczby udzielonych odpowiedzi
Twoja historia wyników
Nie rozwiązałeś tego quizu